000 00769nam a2200193 4500
001 107260
003 ES-MaACL
005 20230906184357.0
007 t|
008 061121s1943 sp r ||||1| spa d
100 1 _aMorley, Arthur.
_983601
245 1 0 _aTratado elemental de mecánica aplicada /
_cpor Arthur Morley, William Inchley; versión española reducida al sistema métrico decimal ; bajo la dirección de José Serrat y Bonastre ; traducción de la tercera edición inglesa por Ernesto Díaz-Varela.
260 _aBarcelona :
_bLabor,
_c1943.
300 _aXVI, 427 p. ;
_c22 cm.
700 1 _aInchley, William.
_965238
700 1 _aSerrat y Bonastre, José.
_9105817
700 1 _aDíaz Varela, Ernesto.
_944448
852 _aES-MaACL
_jF-16154
_bR.20957
999 _c107260
_d107260